000 00869nam a2200253Ia 4500
003 OSt
005 20220923223020.0
006 a|||||r|||| 00| 0
007 ta
008 220922b |||||||| |||| 00| 0 hin d
024 _a209,978
037 _cTextual
040 _aARTS
_cARTS
_bhin
041 _2hin
_ahin
082 _aO152,3N35:g, M4
100 _aराघव, सुनीता
_9156291
245 0 _aहिमाशंु जोशी का कहानी साहित्य
246 _aHimāshanu joshī kā kahānī sāhitya
260 _aनई दिल्ली
_b सूर्य भारती प्रका0
_c1984
300 _a104पृ.
_ccm.
650 _aहिन्दी साहित्य
_9156264
942 _hO152,3N35:g, M4
_cTEXL
_2CC
999 _c360527
_d360527